000 00500nam a2200169Ia 4500
999 _c20919
_d20919
003 OSt
005 20230920130444.0
008 190216s9999||||xx |||||||||||||| ||und||
020 _a8120810236
040 _coclc
082 _a354.54
_bDIK/M
100 1 _aDikshitar, V. R. Ramachandra
_92696
245 4 _aThe Mauryan Polity /
_cV R Ramachandra Dikshitar
260 _bMotilal Banarsidass,
_c1993.
_aDelhi:
300 _a394p
942 _cBK
_2ddc
_h354.54
_iDIK/M
_k354.54
_mDIK/M